Formula One Podium Sitters in the 2010s - Statistics

General Stats
  • This quiz has been taken 28 times
  • The average score is 21 of 25
Answer Stats
Podiums Teams Nationality Answer % Correct
124 McLarenMercedes British Lewis Hamilton
100%
10 Ferrari Monegasque Charles Leclerc
96%
43 Ferrari Spanish Fernando Alonso
96%
111 Red BullFerrari German Sebastian Vettel
96%
30 Red Bull Australian Daniel Ricciardo
92%
41 LotusFerrari Finnish Kimi Raikkonen
92%
31 Red Bull Dutch Max Verstappen
92%
55 Mercedes German Nico Rosberg
92%
8 SauberForce India Mexican Sergio Perez
92%
13 FerrariWilliams Brazilian Filipe Massa
88%
32 Red Bull Australian Mark Webber
88%
44 WilliamsMercedes Finnish Valtteri Bottas
88%
3 Red BullToro Rosso Russian Daniil Kvyat
85%
3 Renault Polish Robert Kubica
85%
25 McLaren British Jenson Button
81%
1 McLaren Danish Kevin Magnussen
81%
1 Williams Canadian Lance Stroll
81%
1 McLaren Spanish Carlos Sainz
77%
1 Mercedes German Michael Schumacher
77%
1 Williams Venezuelan Pastor Maldonado
77%
1 Toro Rosso French Pierre Gasly
77%
10 Lotus French Romain Grosjean
77%
1 Sauber Japanese Kamui Kobayashi
65%
1 Renault German Nick Heidfeld
65%
1 Renault Russian Vitali Petrov
65%
No matching quizzes found
Score Distribution
Percent of People with Each Score
Percentile by Number Answered
Your Score History
You have not taken this quiz